000
00305nam a22001337a 4500
008
221012b ||||| |||| 00| 0 eng d
041
_a
eng
080
_2
THIRD EDITION
_a
610.73
082
_a
610.73
100
_a
9
101
_a
INF
245
_a
FUNDAMENTALS OF NURSING
_c
LIPPINCOTT J
942
_2
udc
_c
BK
999
_c
58514
_d
58514